000 nam a22 7a 4500
999 _c8386
_d8386
008 180116b ||||| |||| 00| 0 eng d
100 _aFalconer.P.
_93919
245 _aThe happy Orpheline
260 _aUSA
_c1957